Online Catalogue and eLibrary

Premadas gathanayen pasu (Record no. 2379)

MARC details
000 -LEADER
fixed length control field 00414nam a2200157Ia 4500
005 - DATE AND TIME OF LATEST TRANSACTION
control field 20250612022531.0
008 - FIXED-LENGTH DATA ELEMENTS--GENERAL INFORMATION
fixed length control field 240331s9999 xx 000 0 und d
020 ## - INTERNATIONAL STANDARD BOOK NUMBER
ISBN 9559302019
082 ## - DDC Classification
Item Number - Author Mark KUL
Class No. 322
100 ## - MAIN ENTRY--PERSONAL NAME
Personal name Kularatne, P
245 #0 - TITLE STATEMENT
Title Premadas gathanayen pasu
260 ## - PUBLICATION, DISTRIBUTION, ETC.
Place of publication, distribution, etc. Rajagiriya
Name of publisher, distributor, etc. Diyasa publishers
Date of publication, distribution, etc. 1994
300 ## - PHYSICAL DESCRIPTION
Extent (e.g. Volumes, Pages etc.) 125 p .,
500 ## - GENERAL NOTE
General note A Book of After the Assis nation of Premadasa
942 ## - Koha item type (Biblio)
Koha item type Books in Stacks (Lending)
Holdings
Lost status Damaged status Collection code Home library Current library Shelving location Date acquired Full call number Accession Number Item type
    Lending WERC Library WERC Library Social Science Cupboard 03/31/2024 322.4 KUL 5222 Books in Stacks (Lending)

© WERC Library